000 00406nam a2200169Ia 4500
008 230524s9999 xx 000 0 und d
020 _a8120311302
082 _a621.3813
_bBAN
100 _aJenny Banks
245 0 _aDiscrete Event System Simulation
250 _a2ND
260 _aNEW DELHI
_bPHI
_c2001
300 _aXII;5848
500 _aQuantity Number: 19
650 _aMathematics
942 _cBK
999 _c8534
_d8534